000 00422nam a2200133 a 4500
008 120416s1997 ||||||||||||||||| || u
050 _aZPTF(02)
245 1 0 _aNational Breweries PLC
246 _aprospectus
260 _a[Lusaka]
_bZPTF
_c1997
300 _a43p. : ill.
350 _a0.00
995 _D0.00
_FCBU-MAIN LIBRARY (Kitwe)
_H1
_I0.00
_UAVAILABLE
_ZZambiana Collection
999 _c51915
_d51915